000 00497nam a2200241Ia 4500
001 067820
003 YMCAF
005 20230512160454.0
008 100717s1976 ||||||||||||||||| ||und|d
020 _a-
024 _a67820
035 _a7283
040 _aYMCAF
_beng
_cIN-KoLT
041 _aeng
100 _aMINHAS, A G
245 0 _aTECHNICAL MATHEMATIICAL METAL TRADES
250 _a-
260 _bLAHORE
_c1976
300 _a150
653 _a-
653 _a-
942 _2ddc
_cBK
999 _c4729
_d4729